সমাজকল্যাণ মন্ত্রণালয় ও উহার অধিনস্থ সমাজসেবা অধিদপ্তরের প্রতিষ্ঠান, স্বেচ্ছাসেবী প্রতিষ্ঠান, নিয়োগবিধি সংক্রান্ত আইন, বিধি, জাতীয় সমাজকল্যাণ পরিষদ গঠন, অনুদানবন্টন সংক্রান্ত নীতিমালা, আল নাহিয়ান ট্রাষ্ট এবং জাতীয় প্রতিবন্ধী উন্নয়ন ফাউন্ডেশন সংক্রান্ত গুরুত্বপূর্ণ বিধি ও পরিপত্র ইত্যাদি / (Record no. 60958)
[ view plain ]
| 000 -LEADER | |
|---|---|
| fixed length control field | 01971nam a2200229 a 4500 |
| 001 - CONTROL NUMBER | |
| control field | 60958 |
| 003 - CONTROL NUMBER IDENTIFIER | |
| rucl marc code | BD-RjUL |
| 005 - DATE AND TIME OF LATEST TRANSACTION | |
| control field | 20211209080915.0 |
| 008 - FIXED-LENGTH DATA ELEMENTS--GENERAL INFORMATION | |
| fixed length control field | 170104s1999 bg ||||| |||| 00| 0 ben d |
| 035 ## - SYSTEM CONTROL NUMBER | |
| System control number | (BD-RjUL)61082 |
| 040 ## - CATALOGING SOURCE | |
| Original cataloging agency | BD-RjUL |
| Language of cataloging | ben |
| Transcribing agency | BD-RjUL |
| Modifying agency | BD-RjUL |
| 041 ## - LANGUAGE CODE | |
| Language code of text/sound track or separate title | ben |
| 082 ## - DEWEY DECIMAL CLASSIFICATION NUMBER | |
| Edition number | 23 |
| Classification number | 344.032095492 |
| Author mark and year | SOM 1999 |
| 245 00 - TITLE STATEMENT | |
| Title | সমাজকল্যাণ মন্ত্রণালয় ও উহার অধিনস্থ সমাজসেবা অধিদপ্তরের প্রতিষ্ঠান, স্বেচ্ছাসেবী প্রতিষ্ঠান, নিয়োগবিধি সংক্রান্ত আইন, বিধি, জাতীয় সমাজকল্যাণ পরিষদ গঠন, অনুদানবন্টন সংক্রান্ত নীতিমালা, আল নাহিয়ান ট্রাষ্ট এবং জাতীয় প্রতিবন্ধী উন্নয়ন ফাউন্ডেশন সংক্রান্ত গুরুত্বপূর্ণ বিধি ও পরিপত্র ইত্যাদি / |
| Statement of responsibility, etc. | গণপ্রজাতন্ত্রী বাংলাদেশ সরকার, সমাজ কল্যাণ মন্ত্রণালয় |
| 260 ## - PUBLICATION, DISTRIBUTION, ETC. (IMPRINT) | |
| Place of publication, distribution, etc. | গণপ্রজাতন্ত্রী বাংলাদেশ সরকার : |
| Name of publisher, distributor, etc. | সমাজ কল্যাণ মন্ত্রণালয়, |
| Date of publication, distribution, etc. | ১৯৯৯ |
| 300 ## - PHYSICAL DESCRIPTION | |
| Pagination | খন্ড. ; |
| Size | ২৩ সেমি. |
| 505 ## - FORMATTED CONTENTS NOTE | |
| Formatted contents note | খন্ড. ১. -- |
| 650 ## - SUBJECT ADDED ENTRY--TOPICAL TERM | |
| Topical term or geographic name as entry element | সমাজকল্যাণ সমস্যা এবং পরিচর্যা |
| Geographic subdivision | বাংলাদেশ |
| 9 (RLIN) | 181777 |
| Topical term or geographic name as entry element | Social Welfare Problems and Services |
| Geographic subdivision | Bangladesh |
| 9 (RLIN) | 181778 |
| 710 ## - ADDED ENTRY--CORPORATE NAME | |
| Corporate name or jurisdiction name as entry element | গণপ্রজাতন্ত্রী বাংলাদেশ সরকার, সমাজ কল্যাণ মন্ত্রণালয় |
| 9 (RLIN) | 181779 |
| 942 ## - ADDED ENTRY ELEMENTS (KOHA) | |
| Source of classification or shelving scheme | Dewey Decimal Classification |
| Koha item type | Books |
| Lost status | Source of classification or shelving scheme | Damaged status | Not for loan | Collection code | Permanent Location | Current Location | Shelving location | Date acquired | Source of acquisition | Cost, normal purchase price | Total Checkouts | Full call number | Date last seen | Copy number | Koha item type |
|---|---|---|---|---|---|---|---|---|---|---|---|---|---|---|---|
| Dewey Decimal Classification | Not For Loan | Non-fiction | Central Library, University of Rajshahi | Central Library, University of Rajshahi | Reading Room | 20/08/2013 | Book Sindicate, Dhaka. | 200.00 | B 344.032095492 SOM V-1 1999 | 04/01/2017 | C-1 | Books | |||
| Dewey Decimal Classification | Non-fiction | Central Library, University of Rajshahi | Central Library, University of Rajshahi | 20/08/2013 | Book Sindicate, Dhaka. | 200.00 | B 344.032095492 SOM V-1 1999 | 04/01/2017 | C-2 | Books | |||||
| Dewey Decimal Classification | Non-fiction | Central Library, University of Rajshahi | Central Library, University of Rajshahi | 20/08/2013 | Book Sindicate, Dhaka. | 200.00 | B 344.032095492 SOM V-1 1999 | 04/01/2017 | C-3 | Books |